Loading...
| Science - Physics | 0 | 7 | 1 | 1 | 65 | 67 | 86.00 | 0 | 1 | 12.88 | 34.86 |
| Mythology | 0 | 5 | 0 | 0 | 50 | 48 | 62.00 | 0 | 2 | 22.97 | 30.56 |
| History - American | 0 | 5 | 0 | 1 | 50 | 43 | 61.40 | 0 | 2 | 19.70 | 27.50 |
| Fine Arts - Other | 0 | 4 | 0 | 2 | 40 | 60 | 98.75 | 1 | 1 | 6.34 | 18.89 |
| History - World | 0 | 4 | 0 | 1 | 40 | 17 | 66.50 | 1 | 2 | 14.44 | 21.25 |
| History - European | 0 | 3 | 0 | 0 | 30 | 59 | 65.00 | 0 | 1 | 11.80 | 16.67 |
| History - Other | 0 | 3 | 0 | 0 | 30 | 81 | 83.67 | 0 | 2 | 7.37 | 12.64 |
| Science - Biology | 0 | 3 | 1 | 0 | 25 | 61 | 71.00 | 0 | 1 | 7.43 | 14.44 |
| Science - Other | 0 | 3 | 1 | 0 | 25 | 47 | 78.00 | 0 | 0 | 9.73 | 13.33 |
| Current Events | 0 | 2 | 0 | 0 | 20 | 62 | 74.50 | 0 | 2 | 11.76 | 31.11 |
| Literature - British | 0 | 2 | 0 | 0 | 20 | 112 | 117.50 | 0 | 1 | 0.00 | 8.89 |
| Geography | 0 | 2 | 0 | 1 | 20 | 106 | 109.50 | 0 | 0 | 2.21 | 11.67 |
| Religion | 0 | 2 | 0 | 0 | 20 | 54 | 69.50 | 0 | 0 | 7.67 | 11.11 |
| Science - Chemistry | 0 | 2 | 1 | 1 | 15 | 90 | 98.00 | 0 | 1 | 2.29 | 8.61 |
| Literature - European | 0 | 2 | 2 | 0 | 10 | 76 | 79.00 | 0 | 1 | 6.40 | 8.89 |
| Literature - World | 0 | 1 | 0 | 0 | 10 | 12 | 12.00 | 1 | 1 | 8.92 | 10.00 |
| Painting/Sculpture | 0 | 1 | 0 | 0 | 10 | 98 | 98.00 | 0 | 0 | 1.76 | 2.22 |
| Literature - American | 0 | 1 | 1 | 0 | 5 | 62 | 62.00 | 0 | 1 | 4.51 | 5.00 |
| Social Science | 0 | 1 | 1 | 0 | 5 | 103 | 103.00 | 0 | 0 | 0.00 | 1.39 |